| 000 | 00573nam a22002057a 4500 | ||
|---|---|---|---|
| 003 | OSt | ||
| 005 | 20160205180944.0 | ||
| 008 | 160205b xxu||||| |||| 00| 0 eng d | ||
| 020 | _a9788131727249 | ||
| 040 | _cDDC | ||
| 082 | _a621.38TOC 2009 | ||
| 100 |
_aRonald J.Tocci;Widmer.Neal,S.;Moss,L.Gregory. _96727 |
||
| 245 |
_aDigital Systems; _bPrinciples and Applications. |
||
| 250 | _a10th ed. | ||
| 260 |
_aDelhi; _bPearson. _c2009. |
||
| 300 |
_axix,848p; _bill; _c30cm |
||
| 504 | _aincludes Glossary and index. | ||
| 650 |
_aMathemetics. _96587 |
||
| 942 |
_2ddc _cSLOAN |
||
| 999 |
_c2985 _d2985 |
||